[Event "Titled Tuesday intern op 03rd Jan Late"]
[Site "Chess.com INT"]
[Date "2025.06.03"]
[Round "8"]
[White "Baltabaev, Temirlan"]
[Black "Flynn, Jacob"]
[Result "1-0"]
[WhiteElo "2295"]
[BlackElo "2271"]
[PlyCount "71"]
[EventDate "2025.06.03"]
[EventType "swiss (blitz)"]
[EventRounds "11"]
[EventCountry "USA"]
[SourceTitle "CB24_2025"]
[SourceDate "2025.06.11"]
[SourceVersion "1"]
[SourceVersionDate "2025.06.11"]
[SourceQuality "1"]

1. d4 d5 2. Nf3 e6 3. c4 Nf6 4. g3 Bb4+ 5. Bd2 Be7 6. Bg2 0-0 7. 0-0 Nbd7 8. Qc2 Ne4 9. Rd1 c6 10. Nc3 f5 11. e3 b6 12. Ne1 Bb7 13. b3 g5 14. f3 Nxd2 15. Qxd2 h5 16. Nd3 Bd6 17. e4 g4 18. e5 Be7 19. Qh6 Qe8 20. Qxe6+ Kg7 21. Nf4 Nc5 22. dxc5 Bc8 23. Nxh5+ Qxh5 24. Qxe7+ Rf7 25. Qh4 Qg6 26. cxd5 Ba6 27. dxc6 Rh8 28. Rd6 Rxh4 29. Rxg6+ Kxg6 30. gxh4 bxc5 31. fxg4 fxg4 32. Be4+ Kh5 33. Nd5 Kxh4 34. e6 Rf8 35. e7 Re8 36. Bg6 1-0

[Event "Titled Tuesday intern op 03rd Sep Late"]
[Site "Chess.com INT"]
[Date "2024.09.03"]
[Round "11"]
[White "Baltabaev, Temirlan"]
[Black "Andrews, Todd D"]
[Result "1-0"]
[WhiteElo "2295"]
[BlackElo "2165"]
[PlyCount "111"]
[EventDate "2024.09.03"]
[EventType "swiss (blitz)"]
[EventRounds "11"]
[EventCountry "USA"]
[SourceTitle "EXT 2025"]
[Source "ChessBase"]
[SourceDate "2024.10.14"]
[SourceVersion "1"]
[SourceVersionDate "2024.10.14"]
[SourceQuality "1"]

1. d4 Nf6 2. Nf3 c5 3. d5 b5 4. g3 Bb7 5. c4 bxc4 6. Nc3 e6 7. e4 Qa5 8. Bd2 Qb6 9. Bxc4 exd5 10. exd5 d6 11. 0-0 Nbd7 12. Re1+ Be7 13. Qe2 0-0 14. b3 Rfe8 15. Qd3 Bf8 16. Kg2 Ng4 17. Bf4 g6 18. h3 Ngf6 19. Rad1 Bg7 20. Nb5 Bf8 21. Nc3 a6 22. g4 Bg7 23. g5 Nh5 24. Bh2 Ne5 25. Nxe5 Bxe5 26. Ne4 Re7 27. Qf3 Rae8 28. h4 Bxh2 29. Kxh2 Qc7 30. Re2 Qd7 31. Rde1 Re5 32. Nc3 Rxe2 33. Rxe2 Rxe2 34. Nxe2 Bc8 35. Kg2 a5 36. a4 Qg4+ 37. Qxg4 Bxg4 38. Nc3 Kg7 39. Ne4 Nf4+ 40. Kg3 Ne2+ 41. Kxg4 Nd4 42. Nxd6 f5+ 43. gxf6+ Kxf6 44. Nb7 Ke5 45. Nxc5 Kd6 46. Ne4+ Ke5 47. Ng5 h5+ 48. Kg3 Nf5+ 49. Kh3 Nd6 50. Nf3+ Kf4 51. Nd4 Ke4 52. Nc6 Nf5 53. Nxa5 Nd4 54. d6 Nf3 55. d7 Ne5 56. d8Q 1-0

[Event "Titled Tuesday intern op 27th Aug Late"]
[Site "Chess.com INT"]
[Date "2024.08.27"]
[Round "4"]
[White "Baltabaev, Temirlan"]
[Black "Kryazhev, Arseniy"]
[Result "1-0"]
[WhiteElo "2295"]
[BlackElo "2054"]
[PlyCount "35"]
[EventDate "2024.08.27"]
[EventType "swiss (blitz)"]
[EventRounds "11"]
[EventCountry "USA"]
[SourceTitle "EXT 2025"]
[Source "ChessBase"]
[SourceDate "2024.10.14"]
[SourceVersion "1"]
[SourceVersionDate "2024.10.14"]
[SourceQuality "1"]

1. d4 Nf6 2. c4 d5 3. cxd5 Nxd5 4. Nf3 g6 5. g3 Bg7 6. Bg2 0-0 7. 0-0 c5 8. dxc5 Na6 9. e4 Ndb4 10. Nc3 Nxc5 11. Be3 Ncd3 12. Qd2 Be6 13. Rfd1 Qc8 14. Nd4 Bc4 15. a3 Nc6 16. Nxc6 Qxc6 17. Nd5 e6 18. Ne7+ 1-0

[Event "Titled Tuesday intern op 27th Aug Late"]
[Site "Chess.com INT"]
[Date "2024.08.27"]
[Round "8"]
[White "Djokic, Mihailo"]
[Black "Baltabaev, Temirlan"]
[Result "1-0"]
[WhiteElo "2169"]
[BlackElo "2295"]
[PlyCount "101"]
[EventDate "2024.08.27"]
[EventType "swiss (blitz)"]
[EventRounds "11"]
[EventCountry "USA"]
[SourceTitle "EXT 2025"]
[Source "ChessBase"]
[SourceDate "2024.10.14"]
[SourceVersion "1"]
[SourceVersionDate "2024.10.14"]
[SourceQuality "1"]

1. e4 e5 2. Nf3 Nc6 3. Nc3 Nf6 4. Bb5 Bb4 5. 0-0 0-0 6. d3 d6 7. Bg5 Bxc3 8. bxc3 Qe7 9. Re1 Nd8 10. d4 c6 11. Bd3 Ne6 12. Bd2 Nd7 13. a4 c5 14. d5 Nc7 15. c4 Ne8 16. h3 g6 17. Bh6 Ng7 18. Qd2 f5 19. Ng5 Nf6 20. f4 fxe4 21. Nxe4 Bf5 22. fxe5 Nxe4 23. Bxe4 Qxe5 24. Bf4 Qf6 25. Bg5 Qe5 26. Bxf5 Qxf5 27. Be7 Qd7 28. Bxf8 Rxf8 29. Rf1 Nf5 30. Qf2 Re8 31. Rae1 Rxe1 32. Qxe1 Qxa4 33. Qe6+ Kg7 34. g4 Qa3 35. Rf2 Qc1+ 36. Kh2 Qe3 37. Qxe3 Nxe3 38. Re2 Nxc4 39. Re7+ Kf6 40. Rxb7 a5 41. Rxh7 a4 42. Ra7 a3 43. h4 Ne3 44. g5+ Kf5 45. Rxa3 Nxd5 46. Kg3 Nb4 47. Rf3+ Ke5 48. h5 gxh5 49. g6 Nd5 50. g7 Ne7 51. Re3+ 1-0

[Event "Titled Tuesday intern op 27th Aug Late"]
[Site "Chess.com INT"]
[Date "2024.08.27"]
[Round "10"]
[White "Pakleza, Zbigniew"]
[Black "Baltabaev, Temirlan"]
[Result "1-0"]
[WhiteElo "2483"]
[BlackElo "2295"]
[PlyCount "147"]
[EventDate "2024.08.27"]
[EventType "swiss (blitz)"]
[EventRounds "11"]
[EventCountry "USA"]
[SourceTitle "EXT 2025"]
[Source "ChessBase"]
[SourceDate "2024.10.14"]
[SourceVersion "1"]
[SourceVersionDate "2024.10.14"]
[SourceQuality "1"]

1. d4 Nf6 2. Nf3 e6 3. Bf4 c5 4. c3 Nc6 5. e3 b6 6. h3 Bb7 7. Nbd2 Be7 8. Bd3 d5 9. Bh2 0-0 10. 0-0 Re8 11. Ne5 Nxe5 12. dxe5 Nd7 13. f4 f5 14. g4 g6 15. gxf5 exf5 16. Nf3 Nf8 17. Bb5 Ne6 18. Bxe8 Qxe8 19. Bg3 Qb5 20. Rf2 Rd8 21. Qb3 Qc6 22. Kh2 Kg7 23. Rg1 d4 24. cxd4 cxd4 25. Bh4 dxe3 26. Qxe3 Bc5 27. Qe2 Bxf2 28. Qxf2 Qxf3 29. Qxf3 Bxf3 30. Bxd8 Nxd8 31. Rc1 Ne6 32. Kg3 Bd5 33. b4 a5 34. bxa5 bxa5 35. a4 Bb3 36. Rc6 Nd4 37. Rd6 Nc2 38. Rd7+ Kh6 39. Ra7 Bxa4 40. e6 Nd4 41. e7 Be8 42. Ra8 Bf7 43. Rf8 Kg7 44. e8Q Bxe8 45. Rxe8 a4 46. Re7+ Kf6 47. Ra7 Ne6 48. Rxa4 g5 49. fxg5+ Kxg5 50. Ra6 f4+ 51. Kg2 Nd4 52. Ra5+ Nf5 53. Kf3 h5 54. Rc5 h4 55. Ra5 Kg6 56. Kxf4 Ng3 57. Ra6+ Kh5 58. Ra5+ Kh6 59. Kg4 Ne2 60. Ra6+ Kg7 61. Kxh4 Nf4 62. Kg4 Nd5 63. h4 Ne3+ 64. Kg5 Nd5 65. Ra7+ Kh8 66. h5 Kg8 67. h6 Kh8 68. Rd7 Nb6 69. Rd6 Nc8 70. Rd8+ Kh7 71. Rd7+ Kh8 72. Kg6 Ne7+ 73. Rxe7 Kg8 74. Re8# 1-0

[Event "Titled Tuesday intern op 13th Aug Early"]
[Site "Chess.com INT"]
[Date "2024.08.13"]
[Round "10"]
[White "Baltabaev, Temirlan"]
[Black "Ai, Evan Zihao"]
[Result "1-0"]
[WhiteElo "2295"]
[BlackElo "2202"]
[PlyCount "85"]
[EventDate "2024.08.13"]
[EventType "swiss (blitz)"]
[EventRounds "11"]
[EventCountry "USA"]
[SourceTitle "EXT 2025"]
[Source "ChessBase"]
[SourceDate "2024.10.14"]
[SourceVersion "1"]
[SourceVersionDate "2024.10.14"]
[SourceQuality "1"]

1. d4 Nf6 2. c4 e6 3. Nf3 d5 4. g3 Bb4+ 5. Bd2 a5 6. a3 Be7 7. Bg2 dxc4 8. Qa4+ Bd7 9. Qxc4 Bc6 10. Nc3 0-0 11. 0-0 Nbd7 12. Rac1 Nb6 13. Qd3 Nbd5 14. Ne5 Be8 15. e4 Nxc3 16. Rxc3 Nd7 17. f4 Nxe5 18. fxe5 b5 19. d5 b4 20. Rc2 Rb8 21. Rfc1 Bb5 22. Qe3 Rb7 23. axb4 axb4 24. h4 Qd7 25. Kh2 Rfb8 26. b3 Rc8 27. Be1 Ra8 28. Bh3 Qd8 29. dxe6 fxe6 30. Bxe6+ Kh8 31. Bd5 c6 32. Bxc6 Bxc6 33. Rxc6 Rd7 34. Qb6 Qf8 35. Qf2 Qe8 36. e6 Rda7 37. Qf7 Ra2+ 38. R6c2 Rxc2+ 39. Rxc2 Qxf7 40. exf7 Rf8 41. Rc7 Bd6 42. Rd7 Be5 43. Bxb4 1-0

[Event "Titled Tuesday intern op 13th Aug Early"]
[Site "Chess.com INT"]
[Date "2024.08.13"]
[Round "5"]
[White "Baltabaev, Temirlan"]
[Black "Dzhumagaliev, Yan"]
[Result "1-0"]
[WhiteElo "2295"]
[BlackElo "2411"]
[PlyCount "65"]
[EventDate "2024.08.13"]
[EventType "swiss (blitz)"]
[EventRounds "11"]
[EventCountry "USA"]
[SourceTitle "EXT 2025"]
[Source "ChessBase"]
[SourceDate "2024.10.14"]
[SourceVersion "1"]
[SourceVersionDate "2024.10.14"]
[SourceQuality "1"]

1. d4 Nf6 2. c4 e6 3. Nf3 Bb4+ 4. Bd2 Qe7 5. a3 Bxd2+ 6. Nbxd2 d5 7. g3 0-0 8. Bg2 c6 9. 0-0 Nbd7 10. Re1 e5 11. e4 dxe4 12. Nxe4 Nxe4 13. Rxe4 f5 14. Re3 e4 15. Nd2 Nf6 16. h3 Qd6 17. Nb3 f4 18. Rc3 e3 19. fxe3 fxg3 20. e4 Qf4 21. Qf3 Qh6 22. Rf1 Bxh3 23. Qxg3 Bxg2 24. Qxg2 Nh5 25. Rcf3 Nf4 26. Qg4 g5 27. Rxf4 Rxf4 28. Rxf4 Kh8 29. Rf5 Rg8 30. e5 Qg6 31. Nc5 h5 32. Qe4 b6 33. Rf6 1-0

[Event "Titled Tuesday intern op 13th Aug Early"]
[Site "Chess.com INT"]
[Date "2024.08.13"]
[Round "1"]
[White "Piddubna, Bozhena"]
[Black "Baltabaev, Temirlan"]
[Result "0-1"]
[WhiteElo "2155"]
[BlackElo "2295"]
[PlyCount "124"]
[EventDate "2024.08.13"]
[EventType "swiss (blitz)"]
[EventRounds "11"]
[EventCountry "USA"]
[SourceTitle "EXT 2025"]
[Source "ChessBase"]
[SourceDate "2024.10.14"]
[SourceVersion "1"]
[SourceVersionDate "2024.10.14"]
[SourceQuality "1"]

1. d4 d5 2. c4 e6 3. Nf3 Nf6 4. g3 Be7 5. Bg2 0-0 6. 0-0 Nbd7 7. Nc3 c6 8. Nd2 Re8 9. e4 dxe4 10. Ndxe4 Nxe4 11. Nxe4 Nf6 12. Bf4 Nxe4 13. Bxe4 Bf6 14. Be3 e5 15. d5 cxd5 16. Qxd5 Qc7 17. b3 Rd8 18. Qc5 Qxc5 19. Bxc5 a6 20. Rfd1 Re8 21. Rd3 g6 22. Rad1 Bg4 23. f3 Bc8 24. Bb6 Kg7 25. c5 Be7 26. Kf2 f5 27. Bd5 Bf6 28. b4 Rb8 29. Bc7 Ra8 30. Bd6 Ra7 31. Bb8 Ra8 32. Bc7 e4 33. Re3 Bg5 34. f4 Bf6 35. c6 b5 36. Bb6 Rb8 37. Bc5 Be6 38. Bxe6 Rxe6 39. Rd7+ Kg8 40. c7 Rc8 41. Re1 Rc6 42. Red1 R8xc7 43. Rxc7 Rxc7 44. Rd6 Kf7 45. Rxa6 Rd7 46. Ke2 Bc3 47. Rd6 Rxd6 48. Bxd6 Ke6 49. Bc5 Kd5 50. Ke3 Kc4 51. h3 Bxb4 52. Bb6 Bc5+ 53. Bxc5 Kxc5 54. g4 Kc4 55. h4 Kc3 56. h5 Kc4 57. gxf5 gxf5 58. h6 Kc3 59. Ke2 Kd4 60. Kd2 e3+ 61. Ke2 Ke4 62. Kf1 Kxf4 0-1

[Event "Titled Tuesday intern op 02nd Jul Late"]
[Site "Chess.com INT"]
[Date "2024.07.02"]
[Round "6"]
[White "Baltabaev, Temirlan"]
[Black "Senft, Sean"]
[Result "0-1"]
[WhiteElo "2295"]
[BlackElo "2054"]
[PlyCount "132"]
[EventDate "2024.07.02"]
[EventType "swiss (blitz)"]
[EventRounds "11"]
[EventCountry "USA"]
[SourceTitle "EXT 2025"]
[Source "ChessBase"]
[SourceDate "2024.10.14"]
[SourceVersion "1"]
[SourceVersionDate "2024.10.14"]
[SourceQuality "1"]

1. d4 d5 2. Nf3 Nf6 3. g3 c6 4. Bg2 Bf5 5. 0-0 e6 6. c4 Nbd7 7. Nc3 a6 8. Nd2 Be7 9. Re1 0-0 10. e4 dxe4 11. Ndxe4 Nxe4 12. Nxe4 Nf6 13. Nc3 Qd7 14. Be3 Rad8 15. Qb3 Ng4 16. Rad1 Nxe3 17. fxe3 Bg4 18. Rd2 Bg5 19. Ne4 Be7 20. c5 Bf5 21. Nc3 e5 22. d5 Bxc5 23. Rf2 Bg6 24. dxc6 bxc6 25. Qc4 Qa7 26. Rf3 Bh5 27. g4 Bg6 28. b4 Bd3 29. Qb3 e4 30. Rh3 Rb8 31. a3 Rfe8 32. Na4 Bb6 33. Nb2 Rbd8 34. Qc3 a5 35. Qxc6 axb4 36. axb4 Rc8 37. Qd5 Rc3 38. Qh5 h6 39. g5 Re6 40. Qg4 Rg6 41. Qf4 Rxg5 42. Rg3 Rxg3 43. hxg3 Qc7 44. Nxd3 exd3 45. Qf5 Qxg3 46. Rf1 Bxe3+ 47. Kh1 Qh4+ 48. Bh3 Qe7 49. Qd5 d2 50. Qa8+ Kh7 51. Bf5+ g6 52. Bg4 Rc1 53. Bd1 Bg5 54. Qd5 Kg7 55. Qd4+ Kh7 56. b5 Rb1 57. b6 Qb7+ 58. Kh2 Rxb6 59. Bf3 Rb1 60. Bxb7 Rxf1 61. Ba6 d1Q 62. Bxf1 Qxf1 63. Qd5 Qf4+ 64. Kg1 Qe3+ 65. Kh2 Qd2+ 66. Qxd2 Bxd2 0-1

[Event "Titled Tuesday intern op 02nd Jul Late"]
[Site "Chess.com INT"]
[Date "2024.07.02"]
[Round "3"]
[White "Baltabaev, Temirlan"]
[Black "Yu, Avery"]
[Result "1-0"]
[WhiteElo "2295"]
[BlackElo "1957"]
[PlyCount "83"]
[EventDate "2024.07.02"]
[EventType "swiss (blitz)"]
[EventRounds "11"]
[EventCountry "USA"]
[SourceTitle "EXT 2025"]
[Source "ChessBase"]
[SourceDate "2024.10.14"]
[SourceVersion "1"]
[SourceVersionDate "2024.10.14"]
[SourceQuality "1"]

1. d4 d5 2. Nf3 Nf6 3. g3 c6 4. Bg2 e6 5. 0-0 Be7 6. c4 0-0 7. Nc3 b6 8. Nd2 Bb7 9. e4 dxe4 10. Ndxe4 Nbd7 11. Qc2 Qc8 12. Bf4 c5 13. d5 exd5 14. cxd5 Nxd5 15. Nxd5 Bxd5 16. Rfd1 Bxe4 17. Bxe4 Nf6 18. Bxa8 Qxa8 19. Re1 Re8 20. Rad1 Nd5 21. Qe4 Nxf4 22. Qxa8 Rxa8 23. Rxe7 Ng6 24. Rc7 Nf8 25. Rd6 Ne6 26. Rb7 Nf8 27. f4 g6 28. Kf2 Kg7 29. Rc6 Rd8 30. Ke3 Re8+ 31. Kd3 Ne6 32. Rxa7 b5 33. Rd6 c4+ 34. Kc3 Nc5 35. Kb4 Ne4 36. Rdd7 Rf8 37. Kxb5 Rb8+ 38. Kxc4 Rxb2 39. Rxf7+ Kg8 40. Rg7+ Kf8 41. Rxh7 Nd6+ 42. Kd3 1-0

[Event "Titled Tuesday intern op 02nd Jul Late"]
[Site "Chess.com INT"]
[Date "2024.07.02"]
[Round "5"]
[White "Caku, Kler"]
[Black "Baltabaev, Temirlan"]
[Result "1/2-1/2"]
[WhiteElo "1858"]
[BlackElo "2295"]
[PlyCount "214"]
[EventDate "2024.07.02"]
[EventType "swiss (blitz)"]
[EventRounds "11"]
[EventCountry "USA"]
[SourceTitle "EXT 2025"]
[Source "ChessBase"]
[SourceDate "2024.10.14"]
[SourceVersion "1"]
[SourceVersionDate "2024.10.14"]
[SourceQuality "1"]

1. e4 e5 2. Nf3 Nc6 3. d4 exd4 4. Nxd4 Nf6 5. Nc3 Bb4 6. Nxc6 bxc6 7. Bd3 d5 8. exd5 cxd5 9. 0-0 c6 10. Bg5 0-0 11. Qf3 h6 12. Bxf6 Qxf6 13. Qxf6 gxf6 14. Ne2 Bd6 15. f4 c5 16. b3 Re8 17. Ng3 Bg4 18. h3 Bd7 19. Nh5 Be7 20. Rae1 Rac8 21. Rxe7 Rxe7 22. Nxf6+ Kg7 23. Nxd7 Rxd7 24. Bf5 Rcd8 25. Bxd7 Rxd7 26. Kf2 Kf6 27. Kf3 Re7 28. Rd1 d4 29. Rd3 Re1 30. c3 Rf1+ 31. Kg3 Ra1 32. cxd4 cxd4 33. a4 Rb1 34. Kg4 Kg6 35. g3 Rb2 36. f5+ Kf6 37. Rxd4 Rxb3 38. Rd6+ Ke5 39. Ra6 Rb7 40. Kh5 Kxf5 41. g4+ Kf4 42. Kxh6 Kg3 43. g5 Kxh3 44. Kg7 Kg4 45. Kf6 Kf4 46. Ra5 Rc7 47. Ra6 Rb7 48. Ra5 Kg4 49. Ra6 Rc7 50. Ra5 Kf3 51. Ra6 Ke4 52. g6 fxg6 53. Kxg6 Kd4 54. Kf6 Kc4 55. Ke6 Kb4 56. Kd6 Rh7 57. Kd5 Rd7+ 58. Kc6 Rf7 59. Kd5 Rf5+ 60. Ke4 Rf7 61. Kd5 Rg7 62. Ke4 Kc4 63. Ke5 Rg5+ 64. Kf4 Rg7 65. Ke4 Re7+ 66. Kf5 Kd5 67. Kf4 Kd4 68. Kf5 Rf7+ 69. Ke6 Rh7 70. Kf5 Kd5 71. Kf4 Kd4 72. Kf5 Rf7+ 73. Kg6 Rb7 74. Kg5 Kc4 75. Kf4 Kd4 76. Kf3 Kd3 77. Kf4 Kd4 78. Kf3 Kd3 79. Kf4 Rf7+ 80. Ke5 Kc4 81. Ke6 Rh7 82. Kf5 Kc5 83. Kg6 Rb7 84. Kg5 Rd7 85. Kf4 Kd4 86. Kf3 Kd3 87. Kf4 Rf7+ 88. Kg5 Kd4 89. Kg6 Rb7 90. Kg5 Ke5 91. Kg4 Ke4 92. Kg5 Rg7+ 93. Kf6 Rh7 94. Kg6 Rc7 95. Re6+ Kd5 96. Ra6 Rc6+ 97. Rxc6 Kxc6 98. Kf5 Kc5 99. Ke4 Kb4 100. Kd3 Kxa4 101. Kc2 Ka3 102. Kb1 Kb3 103. Ka1 a5 104. Kb1 a4 105. Ka1 a3 106. Kb1 a2+ 107. Ka1 Ka3 1/2-1/2

[Event "Titled Tuesday intern op 02nd Jul Late"]
[Site "Chess.com INT"]
[Date "2024.07.02"]
[Round "2"]
[White "Crispin Ferreras, Darvi Abraham"]
[Black "Baltabaev, Temirlan"]
[Result "0-1"]
[WhiteElo "2120"]
[BlackElo "2295"]
[PlyCount "120"]
[EventDate "2024.07.02"]
[EventType "swiss (blitz)"]
[EventRounds "11"]
[EventCountry "USA"]
[SourceTitle "EXT 2025"]
[Source "ChessBase"]
[SourceDate "2024.10.14"]
[SourceVersion "1"]
[SourceVersionDate "2024.10.14"]
[SourceQuality "1"]

1. e4 e5 2. Nf3 Nc6 3. Bc4 Bc5 4. 0-0 Nf6 5. d3 d6 6. h3 h6 7. a4 a6 8. c3 0-0 9. Re1 Qe7 10. b4 Ba7 11. Bb3 Be6 12. Nbd2 Nh7 13. Bxe6 fxe6 14. a5 Rf7 15. Nc4 Raf8 16. Be3 Bxe3 17. Rxe3 Ng5 18. Nxg5 Qxg5 19. Rg3 Qh4 20. Ra2 Rxf2 21. Rxf2 Qxg3 22. Rxf8+ Kxf8 23. Qf1+ Qf4 24. g3 Qxf1+ 25. Kxf1 d5 26. Ne3 d4 27. cxd4 Nxb4 28. Ke2 exd4 29. Nc4 Ke7 30. e5 Nd5 31. Kf3 b5 32. axb6 Nxb6 33. Na5 c5 34. Ke4 Nd5 35. Nb7 Nc3+ 36. Kf3 Na4 37. Ke4 Kd7 38. Na5 Nc3+ 39. Kf3 Kc7 40. h4 Kb6 41. Nc4+ Kb5 42. Nd6+ Kc6 43. h5 a5 44. g4 a4 45. Nc4 Nb5 46. Ke4 a3 47. Na5+ Kc7 48. Nb3 a2 49. Kf4 Nc3 50. g5 Nd5+ 51. Kg4 Nb4 52. Kf4 Nxd3+ 53. Ke4 Nf2+ 54. Kf3 Nh3 55. gxh6 gxh6 56. Ke4 Ng5+ 57. Kd3 Kc6 58. Kc4 Nf3 59. Na5+ Kb6 60. Nb3 Nxe5# 0-1

[Event "Titled Tuesday intern op 02nd Jul Late"]
[Site "Chess.com INT"]
[Date "2024.07.02"]
[Round "7"]
[White "Warchol, Kamil"]
[Black "Baltabaev, Temirlan"]
[Result "1/2-1/2"]
[WhiteElo "2168"]
[BlackElo "2295"]
[PlyCount "87"]
[EventDate "2024.07.02"]
[EventType "swiss (blitz)"]
[EventRounds "11"]
[EventCountry "USA"]
[SourceTitle "EXT 2025"]
[Source "ChessBase"]
[SourceDate "2024.10.14"]
[SourceVersion "1"]
[SourceVersionDate "2024.10.14"]
[SourceQuality "1"]

1. e4 e5 2. Nf3 Nc6 3. d4 exd4 4. Nxd4 Nf6 5. Nxc6 bxc6 6. e5 Qe7 7. Qe2 Nd5 8. h4 a5 9. c4 Ba6 10. g3 0-0-0 11. b3 Re8 12. Bb2 f6 13. Qd2 Nb6 14. Qxa5 Qb4+ 15. Qxb4 Bxb4+ 16. Nc3 Rxe5+ 17. Kd2 Rhe8 18. Bd3 c5 19. a3 Bxc3+ 20. Bxc3 R5e7 21. Rhe1 h6 22. Bg6 Rxe1 23. Rxe1 Rxe1 24. Kxe1 d5 25. cxd5 Nxd5 26. Bb2 c4 27. bxc4 Bxc4 28. Kd2 Kd7 29. Bf7 Kd6 30. Bxd5 Kxd5 31. Ke3 Ba6 32. a4 c5 33. Ba3 g6 34. Bb2 f5 35. Bg7 h5 36. Bf8 c4 37. Bb4 Bc8 38. Bc3 Kc5 39. a5 Kb5 40. Kd4 Bd7 41. Kd5 Bc8 42. Kd4 Bd7 43. Kd5 Bc8 44. Kd4 1/2-1/2

[Event "Titled Tuesday intern op 07th May Late"]
[Site "Chess.com INT"]
[Date "2024.05.07"]
[Round "2"]
[White "Baltabaev, Temirlan"]
[Black "Salinas Herrera, Pablo Patricio"]
[Result "0-1"]
[WhiteElo "2295"]
[BlackElo "2494"]
[PlyCount "128"]
[EventDate "2024.05.07"]
[EventType "swiss (blitz)"]
[EventRounds "11"]
[EventCountry "USA"]
[SourceTitle "EXT 2025"]
[Source "ChessBase"]
[SourceDate "2024.10.14"]
[SourceVersion "1"]
[SourceVersionDate "2024.10.14"]
[SourceQuality "1"]

1. d4 d5 2. Nf3 Nf6 3. g3 Bf5 4. Bg2 e6 5. 0-0 h6 6. c4 c6 7. Nbd2 Be7 8. b3 0-0 9. Bb2 Bh7 10. Ne5 Nbd7 11. Re1 Nxe5 12. dxe5 Nd7 13. e4 dxc4 14. Nxc4 Qc7 15. f4 Rfd8 16. Qc2 b5 17. Ne3 Rac8 18. Rad1 c5 19. h4 c4 20. bxc4 bxc4 21. Bd4 Nb6 22. Kh2 Bb4 23. Rf1 c3 24. f5 Nc4 25. Nxc4 Qxc4 26. Bxa7 Rd2 27. Rxd2 cxd2 28. Qxc4 Rxc4 29. Be3 exf5 30. exf5 Bxf5 31. Bxd2 Bd3 32. Rf2 Bc5 33. Rf3 Bb1 34. a3 Rc2 35. Bb4 Bd4 36. Rd3 Rxg2+ 37. Kxg2 Bxd3 38. Bd6 Bc2 39. Kf3 h5 40. g4 hxg4+ 41. Kxg4 Kh7 42. Kf4 Bc3 43. Be7 Kg6 44. Bd6 Bd2+ 45. Kf3 Bd1+ 46. Ke4 Be1 47. Be7 Kh5 48. Bf8 g6 49. Kd5 Bxh4 50. Kd6 Bg3 51. Bg7 g5 52. Ke7 Kg6 53. Bf6 g4 54. e6 fxe6 55. Kxe6 Bb3+ 56. Ke7 Bf4 57. Bd4 g3 58. Bg1 g2 59. Kd7 Kf5 60. Kc6 Bc1 61. Kc5 Bxa3+ 62. Kd4 Kg4 63. Kd3 Kf3 64. Kd2 Bd6 0-1

[Event "Titled Tuesday intern op 07th May Late"]
[Site "Chess.com INT"]
[Date "2024.05.07"]
[Round "8"]
[White "Baltabaev, Temirlan"]
[Black "Torres, Yelfry"]
[Result "0-1"]
[WhiteElo "2295"]
[BlackElo "2061"]
[PlyCount "68"]
[EventDate "2024.05.07"]
[EventType "swiss (blitz)"]
[EventRounds "11"]
[EventCountry "USA"]
[SourceTitle "EXT 2025"]
[Source "ChessBase"]
[SourceDate "2024.10.14"]
[SourceVersion "1"]
[SourceVersionDate "2024.10.14"]
[SourceQuality "1"]

1. d4 d6 2. Nf3 Nf6 3. g3 Nbd7 4. Bg2 e5 5. Nbd2 c6 6. e4 Be7 7. c3 0-0 8. 0-0 Re8 9. Re1 a6 10. Qc2 b5 11. a4 Bb7 12. Nh4 Qc7 13. Nf5 Bf8 14. Nb3 h6 15. axb5 axb5 16. dxe5 Rxa1 17. exf6 Ra4 18. fxg7 Bxg7 19. Nxh6+ Bxh6 20. Bxh6 d5 21. Nd4 dxe4 22. Bxe4 Nf6 23. Bh7+ Kh8 24. Rxe8+ Nxe8 25. Bf4 Ra1+ 26. Kg2 c5+ 27. f3 Qe7 28. Nb3 Re1 29. Nc1 Nf6 30. Bf5 Bc6 31. Nd3 Re2+ 32. Qxe2 Qxe2+ 33. Kh3 Qxf3 34. Nxc5 Qh5# 0-1

[Event "Titled Tuesday intern op 07th May Late"]
[Site "Chess.com INT"]
[Date "2024.05.07"]
[Round "6"]
[White "Baltabaev, Temirlan"]
[Black "Tristan, Leonardo"]
[Result "0-1"]
[WhiteElo "2295"]
[BlackElo "2530"]
[PlyCount "110"]
[EventDate "2024.05.07"]
[EventType "swiss (blitz)"]
[EventRounds "11"]
[EventCountry "USA"]
[SourceTitle "EXT 2025"]
[Source "ChessBase"]
[SourceDate "2024.10.14"]
[SourceVersion "1"]
[SourceVersionDate "2024.10.14"]
[SourceQuality "1"]

1. d4 d5 2. Nf3 Nf6 3. c4 e6 4. g3 Be7 5. Bg2 0-0 6. 0-0 dxc4 7. Ne5 Qd6 8. Nxc4 Qa6 9. b3 Rd8 10. Bb2 c5 11. e3 cxd4 12. exd4 Bd7 13. Nbd2 Bc6 14. Nf3 Bd5 15. Qe2 Nc6 16. Rfd1 Rac8 17. Nfe5 Nb4 18. a3 Nc6 19. Bxd5 exd5 20. Nxc6 bxc6 21. Qxe7 dxc4 22. bxc4 Qxc4 23. Rac1 Qb3 24. Rd2 Re8 25. Qxa7 Ne4 26. Rdc2 Ng5 27. Qd7 Nf3+ 28. Kg2 Rcd8 29. Qxc6 Ne1+ 30. Rxe1 Rxe1 31. Qc4 Qb7+ 32. Qc6 Qe7 33. a4 Re6 34. Qf3 Rf6 35. Qe3 Qd7 36. f3 Qxa4 37. Re2 Re6 38. Qd3 Rxe2+ 39. Qxe2 Rc8 40. Kh3 h6 41. Qe4 Qb5 42. Ba3 Qf1+ 43. Kg4 Qa6 44. Kh3 Qxa3 45. d5 Qd6 46. f4 Rd8 47. Qd4 Qd7+ 48. Kh4 Qxd5 49. Qe3 Qd7 50. g4 Re8 51. Qf3 Qe7+ 52. Kg3 Qe1+ 53. Kg2 Qe2+ 54. Kg3 Qxf3+ 55. Kxf3 Ra8 0-1

[Event "Titled Tuesday intern op 09th Apr Late"]
[Site "Chess.com INT"]
[Date "2024.04.09"]
[Round "5"]
[White "Baltabaev, Temirlan"]
[Black "Vifleemskaia, Svetlana"]
[Result "1-0"]
[WhiteElo "2295"]
[BlackElo "1942"]
[PlyCount "71"]
[EventDate "2024.04.09"]
[EventType "swiss (blitz)"]
[EventRounds "11"]
[EventCountry "USA"]
[SourceTitle "EXT 2025"]
[Source "ChessBase"]
[SourceDate "2024.10.14"]
[SourceVersion "1"]
[SourceVersionDate "2024.10.14"]
[SourceQuality "1"]

1. d4 Nf6 2. Nf3 d5 3. g3 b5 4. Bg2 Bb7 5. 0-0 e6 6. b3 Be7 7. a4 b4 8. Nbd2 a5 9. Ne5 Nbd7 10. Bb2 Nxe5 11. dxe5 Nd7 12. e4 0-0 13. exd5 Bxd5 14. Bxd5 exd5 15. Qg4 Nb6 16. Rae1 f5 17. exf6 Bxf6 18. Be5 Qd7 19. Qd4 Qc6 20. Qd3 Nd7 21. Bxf6 Nxf6 22. Nf3 Ne4 23. Nd4 Qf6 24. f3 Nc3 25. Re6 Qg5 26. Kg2 c5 27. Nc6 Rfe8 28. Rfe1 Rxe6 29. Rxe6 Rf8 30. Re5 Qc1 31. Ne7+ Kh8 32. Nxd5 Nxd5 33. Rxd5 Re8 34. Rd8 Qe1 35. Rxe8+ Qxe8 36. Qb5 1-0

[Event "Chigorin Memorial 25th"]
[Site "St Petersburg"]
[Date "2017.10.26"]
[Round "6"]
[White "Predke, Alexandr"]
[Black "Baltabaev, Temirlan"]
[Result "1-0"]
[WhiteElo "2601"]
[BlackElo "2353"]
[PlyCount "90"]
[EventDate "2017.10.21"]
[EventType "swiss"]
[EventRounds "9"]
[EventCountry "RUS"]
[SourceTitle "CBM 181 Extra"]
[Source "ChessBase"]
[SourceDate "2017.12.12"]
[SourceVersion "1"]
[SourceVersionDate "2017.12.12"]
[SourceQuality "1"]

1. e4 e5 2. Nf3 Nc6 3. Bb5 a6 4. Ba4 Nf6 5. 0-0 b5 6. Bb3 Bb7 7. Re1 Bc5 8. c3 0-0 9. d4 Bb6 10. Bg5 d6 11. a4 Re8 12. d5 Na5 13. Ba2 c6 14. axb5 axb5 15. Na3 cxd5 16. Bxd5 Bxd5 17. Bxf6 Qxf6 18. Qxd5 Qe6 19. Qxe6 Rxe6 20. Nxb5 Rb8 21. b4 Nc4 22. Na3 Nxa3 23. Rxa3 g6 24. Rd1 f5 25. Kf1 Rf6 26. Nd2 g5 27. exf5 Rxf5 28. Ne4 Rf4 29. f3 g4 30. Ke2 gxf3+ 31. gxf3 Rh4 32. Rxd6 Rxh2+ 33. Kd3 Rh3 34. Rf6 Rd8+ 35. Kc4 Be3 36. Ra2 Rh6 37. Rg2+ Kh8 38. Rxh6 Bxh6 39. b5 Be3 40. Nf6 Rf8 41. Nd5 Ba7 42. b6 Bb8 43. Ne7 Bd6 44. Nc6 Rxf3 45. Rd2 Rf6 1-0